000 00940nam a2200217Ia 4500
999 _c39293
_d39293
001 5879
003 GE_BSU
005 20191029124408.0
008 181216s1993||||ge |||||||||||||| ||geo||
040 _cGE_BSU
041 _ageo
080 _a821.353.1-32 დ-14
100 _aდავითაძე, ემენ
_93500
245 _aსოფლის აღმაშენებელი ხათიბი ჩემი წინაპარი :
_b წ.3. ხათიბი ჩემი წინაპარი /
_cრედ. მამია ხარაზი.
264 _aბათუმი ;
_b საბჭ. საქართველო,
_c1993.
300 _a271 გვ. ;
_b21 სმ.
653 _aხათიბი ჩემი წინაპარი
653 _aაჭარის ისტორია;
700 _aხარაზი, მამია
_eრედაქტორი
_95066
942 _cBK
_2udc